[Event "Quebec-ch intercoll."]
[Site "Rimouski CAN"]
[Date "1996.04.07"]
[Round "6"]
[White "Soudre, Nicolas"]
[Black "Vezeau, Patrice"]
[Result "1-0"]
[WhiteElo "1854"]
[BlackElo "1410"]
[PlyCount "99"]
[EventDate "1996.04.05"]
[EventType "swiss"]
[EventRounds "6"]
[EventCountry "CAN"]

1. e4 c5 2. Nc3 Nc6 3. f4 g6 4. Nf3 Bg7 5. Bc4 e6 6. f5 Nge7 7. fxe6 fxe6 8. d3
O-O 9. O-O a6 10. a4 d5 11. exd5 exd5 12. Ba2 Kh8 13. Bg5 Be6 14. Re1 Bg8 15.
Nxd5 Bxd5 16. Bxd5 Qxd5 17. Bxe7 Nxe7 18. Rxe7 Bf6 19. Re4 Bxb2 20. Rb1 Bf6 21.
Rb6 Rae8 22. Rxf6 Rxe4 23. Rxf8+ Kg7 24. Qa1+ Kxf8 25. dxe4 Qxe4 26. Qh8+ Ke7
27. Qxh7+ Kd6 28. Qg7 Qxc2 29. Qe5+ Kc6 30. Qe8+ Kb6 31. Qd8+ Ka7 32. a5 c4 33.
Qd4+ Ka8 34. Ne5 c3 35. Nc4 Qb1+ 36. Kf2 c2 37. Nb6+ Ka7 38. Nd7+ b6 39. axb6+
Kb7 40. Qd5+ Kc8 41. b7+ Kc7 42. b8=Q+ Qxb8 43. Nxb8 c1=Q 44. Nxa6+ Kb6 45.
Qc5+ Qxc5+ 46. Nxc5 Kxc5 47. Kf3 Kd5 48. Kf4 Ke6 49. Kg5 Kf7 50. Kh6 1-0

[Event "Quebec-ch qual. 1"]
[Site "Montreal CAN"]
[Date "1996.04.14"]
[Round "4"]
[White "Moussa, Alaa Eddine"]
[Black "Gardner, Robert"]
[Result "1-0"]
[WhiteElo "2193"]
[BlackElo "2187"]
[PlyCount "121"]
[EventDate "1996.04.12"]
[EventType "swiss"]
[EventRounds "5"]
[EventCountry "CAN"]

1. d4 Nf6 2. c4 c5 3. d5 b5 4. cxb5 a6 5. bxa6 g6 6. Nc3 Bxa6 7. e4 Bxf1 8.
Kxf1 d6 9. g3 Bg7 10. Kg2 O-O 11. Nf3 Nbd7 12. Re1 Ng4 13. Re2 Nge5 14. Nxe5
Nxe5 15. f4 Nc4 16. Qe1 Qa5 17. e5 Rfb8 18. b3 Nb6 19. Bb2 c4 20. Rd1 cxb3 21.
axb3 Qb4 22. exd6 exd6 23. Ne4 Qxe1 24. Rdxe1 Nxd5 25. Nxd6 Rxb3 26. Re8+ Rxe8
27. Rxe8+ Bf8 28. Bd4 Nc7 29. Rc8 Ne6 30. Be5 f5 31. h4 h5 32. Re8 Nc7 33. Rc8
Ne6 34. Kf2 Ra3 35. Re8 Nc7 36. Rb8 Ne6 37. Kg2 Re3 38. Re8 Nc7 39. Rc8 Ne6 40.
Rb8 Ra3 41. Nc4 Ra2+ 42. Kf1 Kf7 43. Bb2 Bg7 44. Rb7+ Kf8 45. Bxg7+ Nxg7 46.
Rb6 Ra4 47. Ne5 Ra1+ 48. Kf2 Ra2+ 49. Ke1 Ra1+ 50. Kd2 Ra2+ 51. Kc1 g5 52. hxg5
Ra3 53. Rb8+ Ne8 54. Ng6+ Kf7 55. Nh4 Rxg3 56. Nxf5 Rg2 57. Rb7+ Kf8 58. Rh7
Rf2 59. g6 Kg8 60. Nh6+ Kf8 61. Rf7# 1-0

[Event "Quebec-ch w"]
[Site "Montreal CAN"]
[Date "1996.07.08"]
[Round "1"]
[White "Grigoriu, Ariadna"]
[Black "Charest, Johanne"]
[Result "0-1"]
[WhiteElo "1458"]
[BlackElo "1866"]
[PlyCount "56"]
[EventDate "1996.07.08"]
[EventType "tourn"]
[EventRounds "5"]
[EventCountry "CAN"]

1. d4 d5 2. c4 e6 3. Nc3 c5 4. Nf3 Nc6 5. Bf4 cxd4 6. Nxd4 Nf6 7. cxd5 Nxd5 8.
Nxd5 Qxd5 9. e3 Bb4+ 10. Ke2 O-O 11. Nxc6 Qxc6 12. a3 Ba5 13. b4 e5 14. Rc1 Qf6
15. Rc5 exf4 16. Rxa5 fxe3 17. f3 b6 18. Rd5 Qc3 19. Qd3 Qb2+ 20. Kxe3 Re8+ 21.
Kf4 Qf2 22. g3 Qb2 23. g4 Bb7 24. Rd4 Qf2 25. Bh3 Qh4 26. Bg2 g5+ 27. Kf5 Bc8+
28. Rd7 Qh6 0-1

[Event "Quebec-ch w"]
[Site "Montreal CAN"]
[Date "1996.07.08"]
[Round "1"]
[White "Mongeau, Diane"]
[Black "Yakobov, Esphire"]
[Result "1-0"]
[WhiteElo "1741"]
[BlackElo "1700"]
[PlyCount "139"]
[EventDate "1996.07.08"]
[EventType "tourn"]
[EventRounds "5"]
[EventCountry "CAN"]

1. d4 Nf6 2. Nf3 g6 3. g3 Bg7 4. Bg2 O-O 5. O-O d6 6. Nbd2 Nc6 7. e4 Bg4 8. c3
Qd7 9. Re1 e5 10. dxe5 Nxe5 11. Nxe5 dxe5 12. Qc2 Ne8 13. Nc4 Nd6 14. Nxd6 Qxd6
15. f3 Be6 16. Be3 Qe7 17. Rad1 Rfd8 18. Kf2 Bf6 19. h4 h5 20. b3 a5 21. Qb2
Qe8 22. Bf1 Qc6 23. Bd3 Be7 24. Kg2 Rd7 25. a4 Qd6 26. Bb5 Qxd1 27. Rxd1 Rxd1
28. Be2 Rd7 29. f4 exf4 30. Bxf4 Rad8 31. Bf3 Bd6 32. e5 Bxe5 33. Bg5 Bf6 34.
Bf4 Be5 35. Bg5 f6 36. Bh6 g5 37. Qb1 Rd2+ 38. Kf1 Bh3+ 39. Kg1 f5 40. Bxg5
Bxg3 41. Bxd2 Rxd2 42. Qc1 Bf4 43. Qe1 Kf7 44. b4 c6 45. bxa5 Bh2+ 46. Kh1 Bf4
47. Bxh5+ Kf6 48. Bf3 Rc2 49. Qg1 Rc1 50. Bd1 Bg4 51. Qd4+ Be5 52. Qd8+ Ke6 53.
Qc8+ Kd5 54. Qxb7 Rxd1+ 55. Kg2 Rd2+ 56. Kf1 Bf4 57. Qd7+ Ke4 58. Qxc6+ Ke3 59.
Qe6+ Kf3 60. Qb3 Kg3 61. c4+ Bf3 62. Ke1 Rd1+ 63. Qxd1 Bxd1 64. Kxd1 Kxh4 65.
Ke2 Kg4 66. a6 Bb8 67. c5 f4 68. c6 f3+ 69. Kf1 Kg3 70. a7 1-0

[Event "Quebec-ch w"]
[Site "Montreal CAN"]
[Date "1996.07.08"]
[Round "1"]
[White "Pescarus, Dana"]
[Black "Roussel, Celine"]
[Result "1-0"]
[WhiteElo "1443"]
[BlackElo "1416"]
[PlyCount "111"]
[EventDate "1996.07.08"]
[EventType "tourn"]
[EventRounds "5"]
[EventCountry "CAN"]

1. c4 e5 2. g3 Nf6 3. Bg2 Bc5 4. Nc3 d6 5. e3 Nc6 6. Nge2 Qe7 7. a3 a5 8. O-O
Bd7 9. Re1 O-O 10. d4 Bb6 11. d5 Na7 12. b4 c6 13. e4 Bg4 14. Qd3 Rac8 15. Na4
Bxe2 16. Qxe2 Bd4 17. Bb2 Bxb2 18. Nxb2 Qc7 19. Bh3 Rb8 20. Kh1 Rfe8 21. Nd3
cxd5 22. cxd5 Nb5 23. Rac1 Qb6 24. a4 Nd4 25. Qb2 axb4 26. Qxb4 Qxb4 27. Nxb4
Nf3 28. Re3 Ng5 29. Bg2 Rec8 30. Rce1 Rc4 31. Nd3 h6 32. f4 exf4 33. gxf4 Ngh7
34. e5 dxe5 35. fxe5 Ne8 36. Re4 Rbc8 37. d6 Nf8 38. Rxc4 Rxc4 39. Bxb7 g5 40.
a5 Ng7 41. a6 Ra4 42. Nc5 Ra5 43. d7 Nge6 44. Nxe6 Nxe6 45. Rd1 Nd8 46. Rc1 Kf8
47. Bc8 Ke7 48. Rd1 h5 49. Rd6 h4 50. Rh6 Ra2 51. Rh8 f6 52. Re8+ Kf7 53. Rxd8
h3 54. Kg1 Rg2+ 55. Kf1 Rxh2 56. Rf8+ 1-0

[Event "Quebec-ch w"]
[Site "Montreal CAN"]
[Date "1996.07.09"]
[Round "2"]
[White "Charest, Johanne"]
[Black "Yakobov, Esphire"]
[Result "1/2-1/2"]
[WhiteElo "1866"]
[BlackElo "1700"]
[PlyCount "42"]
[EventDate "1996.07.08"]
[EventType "tourn"]
[EventRounds "5"]
[EventCountry "CAN"]

1. e4 e5 2. Nf3 Nc6 3. Bc4 d6 4. d3 Be7 5. Be3 Nf6 6. O-O Bg4 7. c3 O-O 8. Nbd2
a6 9. a4 d5 10. exd5 Nxd5 11. Qc2 Kh8 12. Rfe1 f5 13. Bg5 Bxg5 14. Nxg5 Qxg5
15. Bxd5 Qf6 16. Bf3 Bxf3 17. Nxf3 Rae8 18. Re3 Re6 19. Rae1 Rfe8 20. Qe2 R6e7
21. Nd2 Qh4 1/2-1/2

[Event "Quebec-ch w"]
[Site "Montreal CAN"]
[Date "1996.07.09"]
[Round "2"]
[White "Grigoriu, Ariadna"]
[Black "Pescarus, Dana"]
[Result "0-1"]
[WhiteElo "1458"]
[BlackElo "1443"]
[PlyCount "83"]
[EventDate "1996.07.08"]
[EventType "tourn"]
[EventRounds "5"]
[EventCountry "CAN"]

1. d4 d6 2. c4 Nf6 3. Bg5 b6 4. Nc3 Bb7 5. e3 e6 6. Nf3 Be7 7. Bd3 Nbd7 8. O-O
c5 9. Re1 O-O 10. Nd2 Re8 11. Qc2 g6 12. a3 a6 13. b4 Qc7 14. b5 a5 15. a4 Bf8
16. Nce4 Bg7 17. Rad1 Nxe4 18. Bxe4 cxd4 19. Bxb7 Qxb7 20. Ne4 Qc7 21. exd4 d5
22. Ng3 Qxc4 23. Qxc4 dxc4 24. Be3 Nf6 25. Ne2 Nd5 26. Rc1 Nxe3 27. fxe3 Rac8
28. Nc3 f5 29. Red1 Red8 30. Ne2 Bf8 31. Nf4 Kf7 32. d5 e5 33. Ne6 Rd7 34. Kf2
Bb4 35. e4 c3 36. exf5 gxf5 37. Ng5+ Kf6 38. Nf3 c2 39. Re1 Bxe1+ 40. Nxe1 Rxd5
41. Rxc2 Rxc2+ 42. Nxc2 0-1

[Event "Quebec-ch w"]
[Site "Montreal CAN"]
[Date "1996.07.09"]
[Round "2"]
[White "Roussel, Celine"]
[Black "Mongeau, Diane"]
[Result "0-1"]
[WhiteElo "1416"]
[BlackElo "1741"]
[PlyCount "76"]
[EventDate "1996.07.08"]
[EventType "tourn"]
[EventRounds "5"]
[EventCountry "CAN"]

1. e4 c5 2. Nf3 g6 3. Bc4 Bg7 4. Nc3 e6 5. O-O Nc6 6. d3 Nge7 7. Bg5 O-O 8. Re1
d6 9. Qd2 a6 10. Rad1 b5 11. Bb3 Ra7 12. Qe3 Rd7 13. a3 Nd4 14. Ne2 Nxb3 15.
cxb3 Bxb2 16. a4 Bg7 17. axb5 f6 18. Bh4 e5 19. bxa6 Bxa6 20. b4 cxb4 21. d4
Nc6 22. Rc1 Qb6 23. Qb3+ Kh8 24. Qe6 Bc8 25. dxe5 fxe5 26. Red1 Nd8 27. Bxd8
Rdxd8 28. Qb3 Bg4 29. Rd2 Bh6 30. Rdc2 Bxc1 31. Nxc1 Rc8 32. Rxc8 Rxc8 33. Nd3
Kg7 34. h3 Bxf3 35. gxf3 Qd4 36. Nxb4 Rb8 37. Nc6 Qa1+ 38. Kg2 Rxb3 0-1

[Event "Quebec-ch w"]
[Site "Montreal CAN"]
[Date "1996.07.10"]
[Round "3"]
[White "Pescarus, Dana"]
[Black "Charest, Johanne"]
[Result "1/2-1/2"]
[WhiteElo "1443"]
[BlackElo "1866"]
[PlyCount "94"]
[EventDate "1996.07.08"]
[EventType "tourn"]
[EventRounds "5"]
[EventCountry "CAN"]

1. c4 e6 2. g3 d5 3. e3 Nf6 4. Bg2 Be7 5. Ne2 O-O 6. b3 Nbd7 7. Nbc3 c6 8. Bb2
Re8 9. d4 Nf8 10. O-O Qc7 11. e4 dxe4 12. Nxe4 Nxe4 13. Bxe4 Bf6 14. Qc2 Ng6
15. Rac1 Bd7 16. Bg2 Rad8 17. Rfe1 Bc8 18. b4 b6 19. c5 b5 20. a4 a6 21. axb5
axb5 22. Bc3 Bb7 23. Ra1 Ra8 24. Ra5 Rxa5 25. bxa5 Ne7 26. Ra1 Ra8 27. Ra3 Qd8
28. Qa2 Ba6 29. Qd2 Rb8 30. Bb4 Nd5 31. Bxd5 Qxd5 32. Rd3 Rd8 33. Nc3 Qf5 34.
Qe3 Bg5 35. Qe4 Qxe4 36. Nxe4 Rd5 37. f4 Be7 38. Nd6 Bf6 39. Kg2 Rxd4 40. Rxd4
Bxd4 41. Kf3 Kf8 42. f5 e5 43. h4 Ke7 44. g4 h6 45. g5 hxg5 46. hxg5 g6 47. Ke4
Bb2 1/2-1/2

[Event "Quebec-ch w"]
[Site "Montreal CAN"]
[Date "1996.07.10"]
[Round "3"]
[White "Yakobov, Esphire"]
[Black "Roussel, Celine"]
[Result "1-0"]
[WhiteElo "1700"]
[BlackElo "1416"]
[PlyCount "91"]
[EventDate "1996.07.08"]
[EventType "tourn"]
[EventRounds "5"]
[EventCountry "CAN"]

1. e4 e5 2. Nf3 Nc6 3. Bb5 d6 4. d4 exd4 5. Nxd4 Nge7 6. O-O Bd7 7. Be3 g6 8.
c3 Bg7 9. Qd2 O-O 10. Be2 Re8 11. f4 d5 12. e5 f6 13. exf6 Bxf6 14. g4 Nxd4 15.
Bxd4 Nc6 16. Bxf6 Qxf6 17. Qxd5+ Kh8 18. Qf3 Rf8 19. Nd2 Rae8 20. Nb3 b6 21.
Rad1 Qf7 22. Rf2 Nd8 23. Qd5 Qxd5 24. Rxd5 Bc6 25. Rd1 Be4 26. Bd3 Nb7 27. Bxe4
Rxe4 28. Rdf1 Nd6 29. Nd4 c5 30. Nc6 a5 31. Ne5 Nc4 32. Nxc4 Rxc4 33. h3 b5 34.
f5 g5 35. Re1 b4 36. cxb4 axb4 37. Re7 Rd4 38. Rc7 Rfd8 39. Rxc5 Rd1+ 40. Kg2
R1d2 41. Rc2 Rxf2+ 42. Kxf2 Rd3 43. Kg2 b3 44. axb3 Rxb3 45. f6 Rb6 46. Rc8#
1-0

[Event "Quebec-ch w"]
[Site "Montreal CAN"]
[Date "1996.07.11"]
[Round "4"]
[White "Charest, Johanne"]
[Black "Roussel, Celine"]
[Result "1-0"]
[WhiteElo "1866"]
[BlackElo "1416"]
[PlyCount "63"]
[EventDate "1996.07.08"]
[EventType "tourn"]
[EventRounds "5"]
[EventCountry "CAN"]

1. e4 e5 2. Nf3 Nc6 3. Bc4 Bc5 4. c3 Qe7 5. O-O Nf6 6. Re1 d6 7. d4 Bb6 8. d5
Nd8 9. Bd3 c6 10. c4 O-O 11. Bg5 Bg4 12. Nbd2 Ba5 13. a3 Bxf3 14. Qxf3 Bxd2 15.
Bxd2 b5 16. b3 Nb7 17. dxc6 Nc5 18. cxb5 Nxb3 19. Rad1 Rab8 20. a4 Qc7 21. Bc4
Na5 22. Be2 a6 23. Qc3 axb5 24. Qxa5 Qxc6 25. Bxb5 Qc5 26. Rc1 Qb6 27. Qxb6
Rxb6 28. f3 Ra8 29. Rc2 Ne8 30. Rec1 Kf8 31. Rc8 Rxc8 32. Rxc8 1-0

[Event "Quebec-ch w"]
[Site "Montreal CAN"]
[Date "1996.07.11"]
[Round "4"]
[White "Pescarus, Dana"]
[Black "Mongeau, Diane"]
[Result "0-1"]
[WhiteElo "1443"]
[BlackElo "1741"]
[PlyCount "94"]
[EventDate "1996.07.08"]
[EventType "tourn"]
[EventRounds "5"]
[EventCountry "CAN"]

1. c4 e6 2. e4 c5 3. g3 d5 4. exd5 exd5 5. d4 dxc4 6. Qe2+ Be7 7. dxc5 Be6 8.
Nc3 Nd7 9. b4 cxb3 10. axb3 Nxc5 11. Be3 a6 12. Bxc5 Bxc5 13. Bh3 Qf6 14. Rc1
Bb4 15. Bxe6 Bxc3+ 16. Kf1 fxe6 17. Nf3 Ne7 18. Kg2 O-O 19. Nd2 Bxd2 20. Qxd2
Qf3+ 21. Kg1 Rad8 22. Qe1 Rd6 23. h4 Nc6 24. Rh2 Rfd8 25. Rc3 Qd1 26. Qxd1
Rxd1+ 27. Kg2 R8d3 28. Rc4 Rxb3 29. Rf4 Rd4 30. f3 Rxf4 31. gxf4 Rb2+ 32. Kg3
Rxh2 33. Kxh2 a5 34. Kg3 a4 35. h5 a3 36. Kg4 a2 37. f5 exf5+ 38. Kxf5 a1=Q 39.
f4 Kf7 40. Kg4 Kf6 41. h6 Nd4 42. hxg7 Qg1+ 43. Kh3 Nf5 44. g8=Q Qxg8 45. Kh2
Ne3 46. Kh3 Qg4+ 47. Kh2 Qg2# 0-1

[Event "Quebec-ch w"]
[Site "Montreal CAN"]
[Date "1996.07.12"]
[Round "5"]
[White "Mongeau, Diane"]
[Black "Charest, Johanne"]
[Result "1/2-1/2"]
[WhiteElo "1741"]
[BlackElo "1866"]
[PlyCount "77"]
[EventDate "1996.07.08"]
[EventType "tourn"]
[EventRounds "5"]
[EventCountry "CAN"]

1. d4 d5 2. Nf3 c5 3. g3 e6 4. Bg2 Nc6 5. O-O b6 6. c4 Bb7 7. cxd5 exd5 8. Nc3
Nf6 9. Bg5 cxd4 10. Nxd4 Nxd4 11. Qxd4 Be7 12. Qa4+ Qd7 13. Qxd7+ Kxd7 14. Rfd1
Rad8 15. e4 h6 16. Bxf6 Bxf6 17. f4 Bxc3 18. bxc3 Ke6 19. e5 Ke7 20. c4 Ke6 21.
Rd4 f6 22. Re1 fxe5 23. Rxe5+ Kf6 24. cxd5 Rhe8 25. Rde4 Kf7 26. Kf2 Rxe5 27.
Rxe5 Kf6 28. Be4 Rd6 29. Ke3 Bc8 30. Re8 Bb7 31. Re5 Bc8 32. Bh7 g6 33. Bg8 Bf5
34. Kd4 a6 35. Ke3 h5 36. Kd4 Bd7 37. Re3 Bf5 38. Re1 Bd7 39. Re3 1/2-1/2

[Event "Quebec-ch w"]
[Site "Montreal CAN"]
[Date "1996.07.12"]
[Round "5"]
[White "Yakobov, Esphire"]
[Black "Pescarus, Dana"]
[Result "1-0"]
[WhiteElo "1700"]
[BlackElo "1443"]
[PlyCount "49"]
[EventDate "1996.07.08"]
[EventType "tourn"]
[EventRounds "5"]
[EventCountry "CAN"]

1. d4 d6 2. e4 Nf6 3. Nc3 e6 4. Nf3 Nbd7 5. Bd3 Be7 6. O-O c5 7. e5 dxe5 8.
dxe5 Ng4 9. Re1 h5 10. h3 Nh6 11. Ne4 Nf5 12. Neg5 Nd4 13. Nxd4 Bxg5 14. Nxe6
fxe6 15. Bg6+ Kf8 16. Qf3+ Bf6 17. exf6 Nxf6 18. Be3 Qc7 19. Rad1 Ke7 20. Bg5
Bd7 21. Rd3 Rad8 22. Bf4 Bc6 23. Bxc7 Bxf3 24. Bxd8+ Rxd8 25. Rxf3 1-0

[Event "RA Active ch"]
[Site "Ottawa CAN"]
[Date "1996.02.22"]
[Round "1"]
[White "Allen, Graham"]
[Black "Pacey, Kevin"]
[Result "0-1"]
[WhiteElo "2100"]
[BlackElo "2165"]
[PlyCount "44"]
[EventDate "1996.02.22"]
[EventType "swiss (rapid)"]
[EventRounds "8"]
[EventCountry "CAN"]

1. d4 Nf6 2. c4 e5 3. dxe5 Ne4 4. Nf3 Bb4+ 5. Nbd2 Nc6 6. a3 Bxd2+ 7. Nxd2 Nxd2
8. Bxd2 Nxe5 9. Qc2 O-O 10. e3 b6 11. Bc3 d6 12. Rd1 Qe7 13. Qe4 Bd7 14. f4 f5
15. Qd4 Ng4 16. Rd3 Rae8 17. Bd2 Bc6 18. b4 Qh4+ 19. Ke2 Qf2+ 20. Kd1 Bxg2 21.
Bc3 Bf3+ 22. Kc1 Nf6 0-1

[Event "RA Active ch"]
[Site "Ottawa CAN"]
[Date "1996.02.22"]
[Round "2"]
[White "Burgess, Doug"]
[Black "Pacey, Kevin"]
[Result "0-1"]
[WhiteElo "1804"]
[BlackElo "2165"]
[PlyCount "78"]
[EventDate "1996.02.22"]
[EventType "swiss (rapid)"]
[EventRounds "8"]
[EventCountry "CAN"]

1. e4 d6 2. d4 Nf6 3. Nc3 g6 4. Nf3 Bg7 5. Be2 O-O 6. O-O Bg4 7. h3 Bxf3 8.
Bxf3 Nc6 9. Be3 Nd7 10. Qd2 Nb6 11. Be2 e6 12. Rad1 d5 13. e5 f5 14. Bh6 Nxd4
15. Bxg7 Nxe2+ 16. Nxe2 Kxg7 17. Nf4 Qe7 18. b3 Nd7 19. Rfe1 c5 20. c3 b5 21.
a3 a5 22. Qe2 c4 23. bxc4 bxc4 24. Qe3 Ra6 25. Ra1 Nc5 26. Ra2 Nb3 27. Ne2 Qa7
28. Qxa7+ Rxa7 29. Rd1 f4 30. f3 Rf5 31. Rb2 a4 32. Nd4 Nxd4 33. cxd4 Rf8 34.
Rb4 Rc8 35. Rc1 Rcc7 36. Rc3 Rcb7 37. Rxb7+ Rxb7 38. Kf2 Rb2+ 39. Kf1 Kf7 0-1

[Event "RA Active ch"]
[Site "Ottawa CAN"]
[Date "1996.02.22"]
[Round "3"]
[White "Pacey, Kevin"]
[Black "Saleh, Maher"]
[Result "1-0"]
[WhiteElo "2165"]
[BlackElo "2324"]
[PlyCount "65"]
[EventDate "1996.02.22"]
[EventType "swiss (rapid)"]
[EventRounds "8"]
[EventCountry "CAN"]

1. d4 Nf6 2. c4 g6 3. Nc3 d5 4. cxd5 Nxd5 5. e4 Nxc3 6. bxc3 Bg7 7. Bc4 c5 8.
Ne2 Nc6 9. Be3 O-O 10. O-O Qc7 11. Rc1 Rd8 12. Kh1 e6 13. f4 Na5 14. Bd3 f5 15.
Ng1 b6 16. Nf3 Bb7 17. exf5 exf5 18. Ne5 Qd6 19. Qe2 Rac8 20. Rcd1 cxd4 21.
Bxd4 Re8 22. Qf2 Bd5 23. c4 Bb7 24. Be3 Qc7 25. h4 Nc6 26. Bxf5 gxf5 27. Rd7
Bxe5 28. Rxc7 Bxc7 29. Qg3+ Kh8 30. Bd2 Rcd8 31. Bc3+ Nd4 32. Rd1 Rg8 33. Rxd4
1-0

[Event "RA Active ch"]
[Site "Ottawa CAN"]
[Date "1996.02.29"]
[Round "5"]
[White "Guo, Xin"]
[Black "Pacey, Kevin"]
[Result "0-1"]
[WhiteElo "2113"]
[BlackElo "2165"]
[PlyCount "78"]
[EventDate "1996.02.22"]
[EventType "swiss (rapid)"]
[EventRounds "8"]
[EventCountry "CAN"]

1. e4 d6 2. d4 Nf6 3. Nc3 g6 4. f4 Bg7 5. Nf3 O-O 6. Bd3 Nc6 7. O-O e5 8. d5
Nd4 9. fxe5 dxe5 10. Bg5 Bg4 11. Be2 Nxe2+ 12. Qxe2 Qd6 13. Qe3 Nh5 14. Nd2 Qb4
15. Nb3 f6 16. a3 Qd6 17. Bh4 Nf4 18. Bg3 Bh6 19. Bxf4 Bxf4 20. Qf2 a6 21. h3
Bd7 22. Rae1 b6 23. Ne2 Bh6 24. Kh1 Bb5 25. Qh4 Bg5 26. Qg3 a5 27. h4 Bf4 28.
Nxf4 Bxf1 29. Ne6 Ba6 30. Nxf8 Rxf8 31. Re3 c6 32. h5 Kg7 33. Qg4 cxd5 34. hxg6
hxg6 35. exd5 Qxd5 36. Rg3 Rh8+ 37. Kg1 g5 38. Rc3 Qd6 39. Qf3 Rc8 0-1

[Event "RA Active ch"]
[Site "Ottawa CAN"]
[Date "1996.02.29"]
[Round "6"]
[White "Devenport, Martin"]
[Black "Pacey, Kevin"]
[Result "0-1"]
[WhiteElo "2300"]
[BlackElo "2165"]
[PlyCount "70"]
[EventDate "1996.02.22"]
[EventType "swiss (rapid)"]
[EventRounds "8"]
[EventCountry "CAN"]

1. e4 Nc6 2. d4 d5 3. Nc3 e5 4. f4 Nxd4 5. fxe5 dxe4 6. Be3 c5 7. Nxe4 Bf5 8.
Bxd4 Bxe4 9. Bb5+ Bc6 10. Bxc6+ bxc6 11. Bc3 Qh4+ 12. Kf1 Ne7 13. Nf3 Qc4+ 14.
Qe2 Qxe2+ 15. Kxe2 Nd5 16. Rhd1 Be7 17. Bd2 O-O-O 18. c4 Nb6 19. b3 Rhe8 20.
Be3 Rxd1 21. Rxd1 Nd7 22. Kf2 Bd8 23. Rd6 Bc7 24. Rd1 Bxe5 25. Nxe5 Rxe5 26.
Bf4 Re6 27. Rd3 Nf6 28. Kf3 Re1 29. Be3 Nd7 30. Kf2 Ra1 31. Rd2 f5 32. Kg3 g6
33. a4 Rb1 34. Rd3 Rb2 35. Kf3 Ne5+ 0-1

[Event "RA Active ch"]
[Site "Ottawa CAN"]
[Date "1996.03.07"]
[Round "7"]
[White "Pacey, Kevin"]
[Black "Djerkovic, Miladin"]
[Result "0-1"]
[WhiteElo "2165"]
[BlackElo "2211"]
[PlyCount "61"]
[EventDate "1996.02.22"]
[EventType "swiss (rapid)"]
[EventRounds "8"]
[EventCountry "CAN"]

1. e4 c5 2. c3 d6 3. d4 Nf6 4. Bd3 Qc7 5. Ne2 e5 6. O-O Be7 7. h3 O-O 8. Kh1
Nc6 9. d5 Nb8 10. Ng3 Re8 11. c4 Bf8 12. Nc3 a6 13. f4 exf4 14. Bxf4 Nbd7 15.
Nf5 Ne5 16. g4 b5 17. Bxe5 Rxe5 18. cxb5 axb5 19. g5 Ne8 20. Nxb5 Qd8 21. h4 g6
22. Ne3 Ba6 23. Qf3 Re7 24. Ng4 Rb7 25. a4 Bg7 26. Rad1 Qe7 27. b3 Nc7 28. Nxc7
Rxc7 29. Bxa6 Rxa6 30. Nf6+ Kh8 31. Rc1 0-1

[Event "RA Active ch"]
[Site "Ottawa CAN"]
[Date "1996.03.07"]
[Round "8"]
[White "Fodor, John"]
[Black "Pacey, Kevin"]
[Result "0-1"]
[WhiteElo "2027"]
[BlackElo "2165"]
[PlyCount "20"]
[EventDate "1996.02.22"]
[EventType "swiss (rapid)"]
[EventRounds "8"]
[EventCountry "CAN"]

1. d4 Nf6 2. c4 e5 3. dxe5 Ne4 4. a3 d6 5. Bf4 Nc6 6. exd6 Qf6 7. g3 Qxb2 8.
Nd2 Nxd2 9. Bxd2 Nd4 10. Qc1 Qxa1 0-1

[Event "RA Fast Traffic"]
[Site "Ottawa CAN"]
[Date "1996.06.02"]
[Round "1"]
[White "Pacey, Kevin"]
[Black "Magnan, Mike"]
[Result "1-0"]
[WhiteElo "2257"]
[BlackElo "1854"]
[PlyCount "53"]
[EventDate "1996.06.02"]
[EventType "swiss (rapid)"]
[EventRounds "4"]
[EventCountry "CAN"]

1. e4 c5 2. Nf3 Nc6 3. d4 cxd4 4. Nxd4 Nf6 5. Nc3 e6 6. Ndb5 d6 7. Bf4 e5 8.
Bg5 Be6 9. Nd5 Bxd5 10. exd5 Ne7 11. c4 a6 12. Nc3 Ng6 13. Qa4+ Qd7 14. Bxf6
Qxa4 15. Nxa4 gxf6 16. Nb6 Rb8 17. g3 Be7 18. Bh3 h5 19. b4 h4 20. Ke2 Rh5 21.
Rac1 f5 22. c5 dxc5 23. bxc5 e4 24. c6 bxc6 25. dxc6 Bd6 26. Nd5 Rc8 27. Nf6+
1-0

[Event "RA Fast Traffic"]
[Site "Ottawa CAN"]
[Date "1996.06.02"]
[Round "2"]
[White "Allen, Graham"]
[Black "Pacey, Kevin"]
[Result "0-1"]
[WhiteElo "1960"]
[BlackElo "2257"]
[PlyCount "64"]
[EventDate "1996.06.02"]
[EventType "swiss (rapid)"]
[EventRounds "4"]
[EventCountry "CAN"]

1. d4 Nf6 2. c4 e5 3. dxe5 Ne4 4. Qd4 Nc5 5. b4 Nc6 6. Qb2 Na4 7. Qb3 Bxb4+ 8.
Bd2 Bxd2+ 9. Nxd2 Nc5 10. Qg3 O-O 11. f4 f6 12. e4 fxe5 13. f5 d6 14. Ngf3 Nd4
15. Rc1 b6 16. Nxd4 exd4 17. Be2 Bb7 18. O-O Nxe4 19. Nxe4 Bxe4 20. Rf4 Bxf5
21. Rcf1 Qd7 22. Qf3 Rae8 23. g4 Re3 24. Qf2 Qe7 25. Bd1 Qg5 26. h4 Qg6 27.
Rxd4 Re5 28. Rf4 Rf7 29. Kh2 Be6 30. h5 Rxf4 31. Qxf4 Qe8 32. g5 Rf5 0-1

[Event "RA Fast Traffic"]
[Site "Ottawa CAN"]
[Date "1996.06.09"]
[Round "3"]
[White "Pacey, Kevin"]
[Black "Guo, Xin"]
[Result "0-1"]
[WhiteElo "2257"]
[BlackElo "2149"]
[PlyCount "46"]
[EventDate "1996.06.02"]
[EventType "swiss (rapid)"]
[EventRounds "4"]
[EventCountry "CAN"]

1. e4 c5 2. Nf3 d6 3. d4 cxd4 4. Nxd4 Nf6 5. Nc3 g6 6. Be2 Bg7 7. Be3 Nc6 8. h4
Bd7 9. g4 h5 10. gxh5 Nxh5 11. Qd2 Rc8 12. O-O-O Ne5 13. f4 Nc4 14. Bxc4 Rxc4
15. Qd3 Qc8 16. Nde2 Bg4 17. Rdg1 Bxe2 18. Nxe2 Qc6 19. Nd4 Bxd4 20. Bxd4 Nxf4
21. Qd2 Rxd4 22. Qxf4 Qxe4 23. Qg5 Qf4+ 0-1

[Event "RA Fast Traffic"]
[Site "Ottawa CAN"]
[Date "1996.06.09"]
[Round "4"]
[White "Burgess, Doug"]
[Black "Pacey, Kevin"]
[Result "0-1"]
[WhiteElo "1853"]
[BlackElo "2257"]
[PlyCount "68"]
[EventDate "1996.06.02"]
[EventType "swiss (rapid)"]
[EventRounds "4"]
[EventCountry "CAN"]

1. e4 e6 2. d4 d5 3. exd5 exd5 4. c4 Bb4+ 5. Bd2 Qe7+ 6. Qe2 Bxd2+ 7. Nxd2 Be6
8. c5 Nc6 9. Ngf3 O-O-O 10. a3 Qf6 11. Qd3 Bf5 12. Qc3 Re8+ 13. Kd1 Bg4 14. Kc2
Nh6 15. h3 Bxf3 16. Nxf3 Nf5 17. Rd1 Re4 18. Bd3 Nfxd4+ 19. Nxd4 Rxd4 20. Rd2
Re8 21. Rhd1 Rf4 22. Qxf6 Rxf6 23. Bb5 Re5 24. b4 Ne7 25. g4 Rf3 26. Kb2 Rxh3
27. c6 bxc6 28. Ba6+ Kd7 29. b5 cxb5 30. Bxb5+ Kd6 31. a4 Re4 32. Rd4 Rxd4 33.
Rxd4 Rf3 34. Rd2 Rf4 0-1

[Event "RA Fast Traffic-2"]
[Site "Ottawa CAN"]
[Date "1996.06.23"]
[Round "1"]
[White "Allen, Graham"]
[Black "Pacey, Kevin"]
[Result "1/2-1/2"]
[WhiteElo "1960"]
[BlackElo "2257"]
[PlyCount "44"]
[EventDate "1996.06.23"]
[EventType "swiss (rapid)"]
[EventRounds "4"]
[EventCountry "CAN"]

1. d4 Nf6 2. c4 e5 3. dxe5 Ne4 4. Nf3 Bb4+ 5. Nbd2 d5 6. exd6 Bf5 7. dxc7 Qxc7
8. g3 Qxc4 9. Bg2 Nxg3 10. hxg3 Bc2 11. O-O Bxd1 12. Nxc4 Bxe2 13. Nd6+ Ke7 14.
Nf5+ Kf6 15. N5d4 Bxf1 16. Bg5+ Kg6 17. Kxf1 Nd7 18. Bh3 f6 19. Be3 Ne5 20.
Nh4+ Kh5 21. Ndf5 g5 22. Ng7+ Kh6 1/2-1/2

[Event "RA Fast Traffic-2"]
[Site "Ottawa CAN"]
[Date "1996.06.23"]
[Round "2"]
[White "Pacey, Kevin"]
[Black "Guo, Xin"]
[Result "1/2-1/2"]
[WhiteElo "2257"]
[BlackElo "2149"]
[PlyCount "85"]
[EventDate "1996.06.23"]
[EventType "swiss (rapid)"]
[EventRounds "4"]
[EventCountry "CAN"]

1. d4 Nf6 2. Nc3 d5 3. Bg5 e6 4. e4 dxe4 5. Nxe4 Be7 6. Bxf6 gxf6 7. Nf3 b6 8.
Bc4 Bb7 9. Qe2 Nd7 10. O-O-O f5 11. Ng3 O-O 12. Rhe1 Bxf3 13. Qxf3 c6 14. Kb1
b5 15. Bd3 Rc8 16. Nxf5 exf5 17. Bxf5 Bg5 18. Qg4 Rc7 19. h4 f6 20. hxg5 fxg5
21. Re6 Nb6 22. Rh1 Rff7 23. Qe4 Rce7 24. Rxe7 Qxe7 25. Be6 Kf8 26. Qe5 Rf6 27.
Rxh7 Qxe6 28. Qb8+ Nc8 29. Qxc8+ Qxc8 30. Rh8+ Ke7 31. Rxc8 Rxf2 32. b3 Kd6 33.
g3 Rg2 34. Ra8 Rxg3 35. Rxa7 c5 36. dxc5+ Kxc5 37. a4 bxa4 38. Rxa4 g4 39. Kb2
Rg1 40. Ra8 Rf1 41. Rg8 Rf4 42. Rg5+ Kb6 43. b4 1/2-1/2